| 000 | 01234nam a2200241Ia 4500 | ||
|---|---|---|---|
| 999 |
_c3298 _d3298 |
||
| 003 | OSt | ||
| 005 | 20200331171617.0 | ||
| 008 | 191128s1998 ck a br 000 j spa d | ||
| 020 | _a9583004774 | ||
| 040 |
_aCO-JMCR _cCO-JMCR |
||
| 041 | 0 | _aspa | |
| 082 | 0 | 4 |
_aC / _bARCs |
| 100 |
_aArciniegas, Triunfo, _d1957 _qautor _92311 |
||
| 245 | 1 | 0 |
_aSerafín es un diablo / _cTriunfo Arciniegas ; Ilustraciones de Gonzalo Rodriguez V. |
| 260 |
_aBogotá : _bPanamericana, _c1998 |
||
| 300 |
_a112 páginas : _bilustraciones a color ; _c20 cm. |
||
| 490 | _aColección juvenil | ||
| 500 | _aIncluye datos biográficos del autor en solapa | ||
| 505 | _aSerafín, el diablito -- El diablito y el ángel -- el drgón de chíchira -- érika y el diablo -- los tres pelos del diablo -- la vuda de lópez -- la pelota de mantequilla -- luna de miel -- Plumas de ángel -- la novia del diablito | ||
| 520 | _aSerafín tiene nombre de ángel, alma de ángel, risa de ángel, pero cuando sale a la calle es un verdadero diablo. Después de que atrapó a unos bandidos todos lo quieren, hasta las solteronas que tienen bigote y hacen chocolate con galletas. Ahora todos cor | ||
| 650 |
_aCuentos infantiles colombianos _92312 |
||
| 942 |
_2ddc _cBK |
||